Phép tính vi phân và tích phân của hàm nhiều biến, chuỗi số và chuỗi hàm : (Nhóm ngành II)
Hàm nhiều biến. Tích phân bội (nhiều lớp). Tích phân đường, tích phân mặt. Chuỗi số và chuỗi hàm.
Tallennettuna:
| Päätekijä: | |
|---|---|
| Aineistotyyppi: | Kirja |
| Kieli: | Undetermined |
| Julkaistu: |
Hà Nội
Đại học Quốc gia Hà Nội
1998
|
| Aiheet: | |
| Tagit: |
Lisää tagi
Ei tageja, Lisää ensimmäinen tagi!
|
| Thư viện lưu trữ: | Trung tâm Học liệu Trường Đại học Cần Thơ |
|---|
| LEADER | 00911nam a2200217Ia 4500 | ||
|---|---|---|---|
| 001 | CTU_27977 | ||
| 008 | 210402s9999 xx 000 0 und d | ||
| 020 | |c 8700 | ||
| 082 | |a 515 | ||
| 082 | |b H109 | ||
| 100 | |a Phan, Văn Hạp | ||
| 245 | 0 | |a Phép tính vi phân và tích phân của hàm nhiều biến, chuỗi số và chuỗi hàm : | |
| 245 | 0 | |b (Nhóm ngành II) | |
| 245 | 0 | |c Phan Văn Hạp, Phạm Thị Oanh, Đào Huy Bích | |
| 260 | |a Hà Nội | ||
| 260 | |b Đại học Quốc gia Hà Nội | ||
| 260 | |c 1998 | ||
| 520 | |a Hàm nhiều biến. Tích phân bội (nhiều lớp). Tích phân đường, tích phân mặt. Chuỗi số và chuỗi hàm. | ||
| 650 | |a Calculus, differential,Functions of complex variables,Mathematical analysis | ||
| 904 | |i Minh | ||
| 980 | |a Trung tâm Học liệu Trường Đại học Cần Thơ | ||